Ročenka akademický rok ...

Bibliographic Details
Previous Title:Študijný program
Corporate Author: Univerzita Komenského v Bratislave. Právnická fakulta
Format: Serial
Language:Slovak
PhysicalDescription:zv. tab. 21 cm
Published: Bratislava Univerzita Komenského 2005-
ISBN:8022320846 (brož. : r. 2005/2006)
8022322156 (brož. : r. 2006/2007)
9788022323383 (brož. : r. 2007/2008)
9788022325042 (brož. : r. 2008/2009)
9788022330503 (brož. : r. 2011/2012)
9788022332439 (brož. : r. 2012/2013)
9788022334181 (brož. : r. 2013/2014)
9788022336345 (brož. : r. 2014/2015)
9788022338813 (brož. : r. 2015/2016)
9788022326759 (brož. : r. 2009/2010)
9788022328685 (brož. : r. 2010/2011)
9788022341226 (brož. : r. 2016/2017)
Subjects:

MARC

LEADER 00000cas a22000004a 4500
001 vtls008306805
003 SK-MaSNL
005 20260425194001.0
008 160908c20059999xo ar 0 b0slo
015 |a SNBB2007/04-01458 (r. 2005/2006)  |a SNBB2007/04-01459 (r. 2006/2007)  |a SNBB2007/04-01460 (r. 2007/2008)  |a SNBB2013-(r. 2011/2012, r. 2012/2013)  |a SNBB2016-(r. 2008/2009, r. 2009/2010, r. 2010/2011, r. 2009/2010, r. 2013/2014, r. 2014/2015, r. 2015/2016) 
020 |a 8022320846 (brož. : r. 2005/2006) 
020 |a 8022322156 (brož. : r. 2006/2007) 
020 |a 9788022323383 (brož. : r. 2007/2008) 
020 |a 9788022325042 (brož. : r. 2008/2009) 
020 |a 9788022330503 (brož. : r. 2011/2012) 
020 |a 9788022332439 (brož. : r. 2012/2013) 
020 |a 9788022334181 (brož. : r. 2013/2014) 
020 |a 9788022336345 (brož. : r. 2014/2015) 
020 |a 9788022338813 (brož. : r. 2015/2016) 
020 |a 9788022326759 (brož. : r. 2009/2010) 
020 |a 9788022328685 (brož. : r. 2010/2011) 
020 |a 9788022341226 (brož. : r. 2016/2017) 
040 |a SNK  |b slo  |c SNK  |e AACR2 
041 0 |a slo 
043 |a e-xo--- 
044 |a xo  |c SK 
072 7 |a 378  |x Vysoké školy  |2 konspekt 
080 |a 378.4  |2 2011 
080 |a 34  |2 2011 
080 |a 37.091.3  |2 2011 
080 |a (437.6)  |2 2011 
080 |a (036)  |2 2011 
080 |a (073)  |2 2011 
080 |a (058)  |2 2011 
110 2 |a Univerzita Komenského v Bratislave.  |b Právnická fakulta 
245 1 0 |a Ročenka  |b akademický rok ...  |c Univerzita Komenského v Bratislave, Právnická fakulta 
260 |a Bratislava  |b Univerzita Komenského  |c 2005- 
300 |a zv.  |b tab.  |c 21 cm 
310 |a 1x ročne 
362 0 |a R. 2005/2006- 
500 |a Súčasťou podnázvu je označenie akademického roku 
504 |a Poznámky 
650 0 7 |a univerzity  |2 SNKPH  |9 22152 
650 0 7 |a právo  |2 SNKPH  |9 976 
650 0 7 |a štúdium a výučba  |2 SNKPH  |9 3982 
650 0 7 |a Law  |2 SNKPHeng  |9 265417 
650 0 7 |a Universities  |2 SNKPHeng  |9 265407 
650 0 7 |a Study and teaching  |2 SNKPHeng  |9 265408 
651 7 |a Bratislava (Slovensko)  |2 SNKPH  |9 14568 
651 7 |a Bratislava (Slovakia)  |2 SNKPHeng  |9 171234 
655 7 |a informačné publikácie  |2 SNKPH  |9 70181 
655 7 |a študijné programy  |2 SNKPH  |9 265409 
655 7 |a Information publications  |2 SNKPHeng  |9 265188 
655 7 |a Educational programs  |2 SNKPHeng  |9 265410 
655 7 |a Yearbooks  |2 SNKPHeng  |9 120938 
655 7 |a ročenky  |2 SNKPH  |9 57146 
780 0 0 |t Študijný program  |w vtls001469876 
852 |a Štátna vedecká knižnica v Banskej Bystrici 
910 |a snk 
919 |a 80-223-2084-6 
919 |a 80-223-2215-6 
919 |a 978-80-223-2338-3 
919 |a 978-80-223-2504-2 
919 |a 978-80-223-3050-3 
919 |a 978-80-223-3243-9 
919 |a 978-80-223-3418-1 
919 |a 978-80-223-3634-5 
919 |a 978-80-223-3881-3 
919 |a 978-80-223-2675-9 
919 |a 978-80-223-2868-5 
919 |a 978-80-223-4122-6 
999 |c 693  |d 693 
952 |a SNK  |b SNK  |y PREZ  |7 0  |p 17A0477440  |o snkČSD 248/2005-2006  |i snk2005/18302  |8 0  |0 0  |1 0  |4 0  |d 2005-11-02  |l 0  |r 2026-02-21 19:30:10  |w 2026-02-21 
952 |a SNK  |b SNK  |y PREZ  |7 0  |p 17A0477441  |o snkČSD 248/2005-2006 D1  |i snk2005/18304  |8 0  |0 0  |1 0  |4 0  |d 2005-11-02  |l 0  |r 2026-02-21 19:30:10  |w 2026-02-21 
952 |a SNK  |b SNK  |y PREZ  |7 0  |p 17A1203773  |o snkČSD 248/2016-2017  |i snk2016/26466  |8 0  |0 0  |1 0  |4 0  |d 2016-11-11  |l 0  |r 2026-02-21 20:13:28  |w 2026-02-21 
952 |a SNK  |b SNK  |y PREZ  |7 0  |p 17A1203772  |o snkČSD 248/2016-2017 D1  |i snk2016/26467  |8 0  |0 0  |1 0  |4 0  |d 2016-11-11  |l 0  |r 2026-02-21 20:13:28  |w 2026-02-21 
952 |a SNK  |b SNK  |y PREZ  |7 0  |p 17A0502850  |o snkČSD 248/2006-2007  |i snk2006/19797  |8 0  |0 0  |1 0  |4 0  |d 2006-10-04  |l 0  |r 2026-02-21 20:18:32  |w 2026-02-21 
952 |a SNK  |b SNK  |y PREZ  |7 0  |p 17A0502851  |o snkČSD 248/2006-2007 D1  |i snk2006/19798  |8 0  |0 0  |1 0  |4 0  |d 2006-10-04  |l 0  |r 2026-02-21 20:18:32  |w 2026-02-21 
952 |a SNK  |b SNK  |y PREZ  |7 0  |p 17A0563072  |o snkČSD 248/2007-2008  |i snk2007/23030  |8 0  |0 0  |1 0  |4 0  |d 2007-10-25  |l 0  |r 2026-02-21 21:22:41  |w 2026-02-21 
952 |a SNK  |b SNK  |y PREZ  |7 0  |p 17A0563073  |o snkČSD 248/2007-2008 D1  |i snk2007/23031  |8 0  |0 0  |1 0  |4 0  |d 2007-10-25  |l 0  |r 2026-02-21 21:22:41  |w 2026-02-21 
952 |a SNK  |b SNK  |y PREZ  |7 0  |p 17A0866633  |o snkČSD 248/2011-2012  |i snk2013/2070  |8 0  |0 0  |1 0  |4 0  |d 2013-01-29  |l 0  |r 2026-02-21 21:30:45  |w 2026-02-21 
952 |a SNK  |b SNK  |y PREZ  |7 0  |p 17A0866634  |o snkČSD 248/2011-2012 D1  |i snk2013/2071  |8 0  |0 0  |1 0  |4 0  |d 2013-01-29  |l 0  |r 2026-02-21 21:30:45  |w 2026-02-21 
952 |a SNK  |b SNK  |y PREZ  |7 0  |p 17A0866635  |o snkČSD 248/2012-2013  |i snk2013/2072  |8 0  |0 0  |1 0  |4 0  |d 2013-01-29  |l 0  |r 2026-02-21 21:30:46  |w 2026-02-21 
952 |a SNK  |b SNK  |y PREZ  |7 0  |p 17A0866636  |o snkČSD 248/2012-2013 D1  |i snk2013/2073  |8 0  |0 0  |1 0  |4 0  |d 2013-01-29  |l 0  |r 2026-02-21 21:30:46  |w 2026-02-21 
952 |a SNK  |b SNK  |y PREZ  |7 0  |p 17A1202988  |o snkČSD 248/2008-2009  |i snk2016/20152  |8 0  |0 0  |1 0  |4 0  |d 2016-08-26  |l 0  |r 2026-02-21 22:03:12  |w 2026-02-21 
952 |a SNK  |b SNK  |y PREZ  |7 0  |p 17A1202989  |o snkČSD 248/2008-2009 D1  |i snk2016/20154  |8 0  |0 0  |1 0  |4 0  |d 2016-08-26  |l 0  |r 2026-02-21 22:03:18  |w 2026-02-21 
952 |a SNK  |b SNK  |y PREZ  |7 0  |p 17A1202990  |o snkČSD 248/2009-2010  |i snk2016/20156  |8 0  |0 0  |1 0  |4 0  |d 2016-08-26  |l 0  |r 2026-02-21 22:03:18  |w 2026-02-21 
952 |a SNK  |b SNK  |y PREZ  |7 0  |p 17A1202991  |o snkČSD 248/2009-2010 D1  |i snk2016/20157  |8 0  |0 0  |1 0  |4 0  |d 2016-08-26  |l 0  |r 2026-02-21 22:03:18  |w 2026-02-21 
952 |a SNK  |b SNK  |y PREZ  |7 0  |p 17A1202992  |o snkČSD 248/2013-2014  |i snk2016/20158  |8 0  |0 0  |1 0  |4 0  |d 2016-08-26  |l 0  |r 2026-02-21 22:03:18  |w 2026-02-21 
952 |a SNK  |b SNK  |y PREZ  |7 0  |p 17A1202993  |o snkČSD 248/2013-2014 D1  |i snk2016/20159  |8 0  |0 0  |1 0  |4 0  |d 2016-08-26  |l 0  |r 2026-02-21 22:03:18  |w 2026-02-21 
952 |a SNK  |b SNK  |y PREZ  |7 0  |p 17A1202994  |o snkČSD 248/2014-2015  |i snk2016/20160  |8 0  |0 0  |1 0  |4 0  |d 2016-08-26  |l 0  |r 2026-02-21 22:03:18  |w 2026-02-21 
952 |a SNK  |b SNK  |y PREZ  |7 0  |p 17A1202995  |o snkČSD 248/2014-2015 D1  |i snk2016/20161  |8 0  |0 0  |1 0  |4 0  |d 2016-08-26  |l 0  |r 2026-02-21 22:03:18  |w 2026-02-21 
952 |a SNK  |b SNK  |y PREZ  |7 0  |p 17A1202996  |o snkČSD 248/2015-2016  |i snk2016/20162  |8 0  |0 0  |1 0  |4 0  |d 2016-08-26  |l 0  |r 2026-02-21 22:03:18  |w 2026-02-21 
952 |a SNK  |b SNK  |y PREZ  |7 0  |p 17A1202997  |o snkČSD 248/2015-2016 D1  |i snk2016/20164  |8 0  |0 0  |1 0  |4 0  |d 2016-08-26  |l 0  |r 2026-02-21 22:03:18  |w 2026-02-21 
952 |a SNK  |b SNK  |y PREZ  |7 0  |p 17A1202820  |o snkČSD 248/2010-2011  |i snk2016/20998  |8 0  |0 0  |1 0  |4 0  |d 2016-09-09  |l 0  |r 2026-02-21 22:03:21  |w 2026-02-21 
952 |a SNK  |b SNK  |y PREZ  |7 0  |p 17A1202821  |o snkČSD 248/2010-2011 D1  |i snk2016/20999  |8 0  |0 0  |1 0  |4 0  |d 2016-09-09  |l 0  |r 2026-02-21 22:03:21  |w 2026-02-21